000 00541nam a2200169 4500
008 230629b |||||||| |||| 00| 0 eng d
020 _a9966967206
050 _aDT 433.577 .L55 1998
100 _aLikimani, Muthoni
245 _aPassbook number F.47927 :
_bwomen and Mau Mau in Kenya/
_cMuthoni Likimani
260 _aNairobi:
_bNoni's Publicity,
_cc1998.
300 _a193 pages. :
_c23 cm.
650 _aKenya
650 _aWomen revolutionaries
650 _aWomen
942 _2lcc
_cAFRICANA
_hDT 433.577 .L55 1998
999 _c31637
_d31637